Daily Capital City Riddle #77 - Statistics

General Stats
  • This quiz has been taken 49 times
  • The average score is 31 of 34
Answer Stats
Type Answer % Correct
Correctly Placed Letter Ã
100%
Found Letter A
100%
Alphabet Letter I
100%
Alphabet Letter L
100%
Alphabet Letter R
100%
Found Letter S
100%
Alphabet Letter B
98%
Alphabet Letter D
98%
Alphabet Letter N
98%
Found Letter O
98%
Found Letter T
98%
Alphabet Letter C
95%
Found Letter E
95%
Alphabet Letter G
93%
Alphabet Letter H
93%
Found Letter M
93%
Correctly Placed Letter O
93%
Alphabet Letter P
93%
Alphabet Letter U
93%
Alphabet Letter W
93%
Alphabet Letter J
90%
Alphabet Letter K
88%
Correctly Placed Letter T
85%
Alphabet Letter V
85%
Alphabet Letter Z
85%
Correctly Placed Letter É
80%
Alphabet Letter F
80%
Alphabet Letter Q
80%
Correctly Placed Letter S
80%
Alphabet Letter X
80%
Alphabet Letter Y
80%
Correctly Placed Letter M
78%
Correctly Placed Letter O
78%
Mystery Capital São Tomé
78%
No matching quizzes found
Score Distribution
Percent of People with Each Score
Percentile by Number Answered
Your Score History
You have not taken this quiz